000 01173nas a22002297a 4500
001 K121090
007 ta
008 190815b2019 ||||| |||| 00| 0 eng d
041 _aeng
100 _aKing, Vivien
245 _aLegal
_bcase review of Network Rail Infrastructure vs Williams and Anor
490 _aRICS Property Journal
_vMay/June 2019, 42(1)
520 _aDiscusses “Network Rail Infrastructure vs Williams and Anor” [2018] EWCA Civ 1514 which dealt with how a claim for damages under tort of nuisance caused by presence of Japanese knotweed on neighbouring property should be assessed."Held" that damages for nuisance did not extend to loss in value of property but instead, that should be based on the loss of amenity value relating to use and enjoyment of their own land.
650 _aJapanese knotweed
650 _aLoss of value
650 _aLoss of amenity
650 _aLoss of enjoyment
650 _aDamages
651 _aUnited Kingdom
690 _96238
_aEnvironment
856 _uhttps://www.rics.org/profession-standards/knowledge-and-information-services/document-delivery-and-other-kis-fees
_zemail [email protected] to request a copy
999 _c121090
_d121090